Argences - Choix Multiples - Statistiques

Statistiques générales
  • Ce quiz a été pris 6 fois
  • Le résultat moyen est 2 sur 10
Statistiques - réponses
Question Réponse % Correct
Dans quel région naturelle se situe Argences ? Le Pays de Caen
60%
Quel nom porte le square au sud-est de la ville, rendant hommage à un Résistant dont la maison a servi de repère à la Gestapo ? Square Paul Derrien
60%
Laquelle de ces images représente l'église Saint-Jean-Baptiste d'Argences ?
20%
Quelle activité a fait la renommée d'Argences durant le Moyen Âge ? La viticulture
20%
Quel était le nom du journal local d'Argences, ayant existé de 1896 à 1897 ? L'Écho de la Muance
20%
Quel est le nom du hameau se situant juste au nord d'Argences, longeant le cours d'eau ? Le Fresne d'Argences
20%
Sur les 5 moulins que comptait la ville à l'époque, quel est le nom du seul encore existant ? Le Moulin de la Porte
20%
Quel bâtiment fut construit dans ce hameau au milieu du XIXe siècle, et sert maintenant de site d'archives ? Une tuilerie
20%
Depuis combien de temps se tient chaque semaine le marché d'Argences ? 1000 ans
0%
Quel nom porte le nom d'une des fontaines de la ville ? Fontaine d'Hettstadt
0%
Aucun quiz correspondant
Distribution des résultats
% des personnes avec chaque résultat
Percentile par nombre de réponses
Votre historique - résultats
Vous n’avez pas pris ce quiz